000 00489nam a2200181Ia 4500
003 GCL
008 140319s9999 xx 000 0 aRus d
040 _aGCL /
_cGCL
082 0 4 _a782.1
_bV L
100 1 _aVALLE-INCLAN, RAMON DEL
245 1 0 _aLUCES DE BOHEMIA /
_cVALLE-INCLAN, RAMON DEL
260 _aايطاليا :
_bESPASA - CALPE ،
_c1995
300 _a215 ؛
_c18 cm.
650 0 4 _aLITERATURE
650 0 4 _aSPANISH LITERATURE
650 0 4 _aSPANISH DRAMA
942 _2ddc
_cBK
999 _c12851
_d12851